|
|
|
|
| LEADER |
00000nam a22000007a 4500 |
| 005 |
2018040603263.0 |
| 007 |
cr|||| |||| |
| 008 |
180406s2017 br |||||s|||| 00||0 por d |
| 020 |
|
|
|a 978-85-361-9357-1
|
| 035 |
|
|
|a 21351
|
| 040 |
|
|
|a vLex
|
| 090 |
|
|
|c 7687
|d 7687
|
| 100 |
1 |
|
|a Teixeira Filho, Manoel Antonio
|
| 245 |
1 |
0 |
|a Petiȯ̂ Inicial e Resposta do Rǔ no Processo do Trabalho
|h [Recurso electrn̤ico] /
|c Manoel Antonio Teixeira Filho
|
| 250 |
|
|
|a 2® edicin̤
|
| 256 |
|
|
|a Servicio en ln̕ea
|
| 260 |
|
|
|a San Pablo:
|b LTR,
|c 2017
|
| 300 |
|
|
|a 1 recurso electrn̤ico
|
| 500 |
|
|
|a Esta 2.® ediȯ̂ foi completamente atualizada de acordo com o CPC de 2015, com a nova redaȯ̂ dada a algumas Sm︢ulas e Orientaė̳s Jurisprudenciais das Seė̳s Especializadas, do TST, e com a Lei n. 13.467/2017 (Reforma Trabalhista). No livro, Manoel Antonio Teixeira Filho discorre sobre a petiȯ̂ inicial, seus requisitos, seu indeferimento, e, tambm̌, sobre as principais modalidades de resposta do rǔ: exceȯ̂, contestaȯ̂ e reconvenȯ̂. O Autor observa que, embora o CPC tenha eliminado a figura da exceȯ̂ no processo do trabalho, a incompetn̊cia relativa do juz̕o, o impedimento e a suspeiȯ̂ do juiz continuam a ser objeto dessa espčie de resposta, pois a CLT possui norma especf̕ica sobre o assunto. Foi, tambm̌, incluso um item referente ̉exign̊cia legal de que os pedidos formulados na inicial se apresentem de maneira lq̕uida, alm̌ de inserir capt̕ulos sobre a petiȯ̂ inicial nas tutelas provisr̤ias, no mandado de seguranȧ e na aȯ̂ rescisr̤ia, e sobre os honorr̀ios de advogado, decorrentes da sucumbn̊cia. Trata-se de livro absolutamente indispensv̀el para advogados, juz̕es, membros do Ministřio Pb︢lico, acadm̊icos e professores de Direito, notadamente, por estar atualizado conforme a Lei n. 13.467/2017 (Reforma Trabalhista).
|
| 506 |
1 |
|
|a Disponible solo en los productos indicados
|d vLex Global
|d vLex Global (Academic Edition, excluding Law Schools)
|d vLex Global (U.S. Academic Edition, Law Schools)
|d vLex Global (U.S. Academic Edition, excluding Law Schools)
|d vLex Global (Academic Edition, Law Schools)
|
| 650 |
0 |
4 |
|a Derecho Laboral y Seguridad Social
|z Brasil
|
| 650 |
0 |
4 |
|a Derecho Procesal
|z Brasil
|
| 650 |
0 |
4 |
|a Procedimiento Laboral
|z Brasil
|
| 740 |
0 |
|
|a vLex Libros (Servicio en ln̕ea)
|
| 856 |
4 |
0 |
|u http://vlex.com/source/peti-o-inicial-e-resposta-do-reu-no-processo-do-trabalho-21351
|z Acceso restringido
|
| 942 |
|
|
|c BOOK
|
| 999 |
0 |
|
|a Labor Law and Social Security
|
| 999 |
0 |
|
|a Procedural Law
|
| 999 |
0 |
|
|a Labor Procedure
|